00805cam a2200241 a 450000100060000000300080000600500170001400800410003103500190007204000340009104100080012508200220013310000350015524500510019025000260024126000340026730000240030150000190032565000490034494200120039399900170040595201410042246163BD-RjUL20211209054121.01608 s1936 enk 001 0 eng  a(BD-RjUL)46281 aDLCcIPfsGdDLCdBD-RjULbeng aeng a331223bTIW 19361 aTillyard, Frankd1865-914107714aThe worker and the state /cby Frank Tillyard. a2d ed., rev. and enl. aLondon :bG. Routledge,c1936 ax, 307 p. ;c23 cm. aIncludes index 0aLabor laws economicszGreat Britain.9141078 2ddccBK c46163d46163 00102ddc40708NFICaRUCLbRUCLcStackd1961-11-09eKarachi Dr. anwar Iqball0o331 TIW 1936r2016-08-01 00:00:00tC-2w2016-08-01yBK